书目信息 |
| 题名: |
玉米栽培技术
|
|
| 作者: | 石德权 编著 | |
| 分册: | ||
| 出版信息: | 北京 金盾出版社 1991.8 |
|
| 页数: | 138页 | |
| 开本: | 19cm | |
| 丛书名: | 全国“星火计划”丛书 | |
| 单 册: | ||
| 中图分类: | S513.04 | |
| 科图分类: | ||
| 主题词: | 禾谷类作物 | |
| 电子资源: | ||
| ISBN: | 7-80022-304-3 | |
| 000 | 00701nam2 2200253 45 | |
| 001 | 0192001998 | |
| 005 | 20040907104936.7 | |
| 010 | @a7-80022-304-3@dCNY1.40 | |
| 020 | @aCN@b92001998 | |
| 100 | @a19920615d1991 em y0chiy0121 ea | |
| 101 | 0 | @achi |
| 102 | @aCN@b110000 | |
| 105 | @ay z 000yy | |
| 106 | @ar | |
| 200 | 10 | @a玉米栽培技术@Ayu mi zai pei ji shu@f石德权等编著@Fshi de quan deng bian zhu |
| 210 | @a北京@c金盾出版社@d1991.8 | |
| 215 | @a138页@d19cm | |
| 225 | 2 | @a全国“星火计划”丛书 |
| 410 | 0 | @120010@a全国“星火计划”丛书 |
| 606 | 0 | @a禾谷类作物 |
| 690 | @aS513.04 | |
| 701 | 0 | @a石德权@Ashi de quan@4编著 |
| 801 | 0 | @aCN@bNLC@c19920615 |
| 905 | @f1@b249238@dS513.04@e9 | |
| 玉米栽培技术/石德权等编著.-北京:金盾出版社,1991.8 |
| 138页;19cm.-(全国“星火计划”丛书) |
| ISBN 7-80022-304-3:CNY1.40 |
| ● |
| 相关链接 |
|
|
|
|
正题名:玉米栽培技术
索取号:S513.04/9
 
预约/预借
| 序号 | 登录号 | 条形码 | 馆藏地/架位号 | 状态 | 备注 |
| 1 | 0249238 | 001948646 | 密集书库/ [索取号:S513.04/9] | 在馆 | |
| 2 | 0249239 | 000717852 | 密集书库/ [索取号:S513.04/9] | 在馆 | |
| 3 | 0249240 | 000717861 | 密集书库/ [索取号:S513.04/9] | 在馆 | |
| 4 | 0249241 | 000717816 | 第二样本阅览室/ [索取号:S513.04/9] | 在馆 |